[Event "As CC-ch B"]
[Site "As"]
[Date "2020.03.05"]
[Round "6"]
[White "Simonsen, Steinar"]
[Black "Aarsheim, Geir Arne"]
[Result "1/2-1/2"]
[WhiteElo "1491"]
[BlackElo "1534"]
[PlyCount "94"]
[EventDate "2020.01.16"]
[EventType "swiss"]
[EventRounds "6"]
[EventCountry "NOR"]
[SourceTitle "EXT 2024"]
[Source "ChessBase"]
[SourceDate "2023.10.10"]
[SourceVersion "1"]
[SourceVersionDate "2023.10.10"]
[SourceQuality "1"]

1. e4 d5 2. exd5 Nf6 3. c4 c6 4. dxc6 e5 5. Nf3 Nxc6 6. d3 Bc5 7. Be2 0-0 8. 0-0 h6 9. Nc3 Re8 10. a3 a6 11. b4 Bb6 12. c5 Bc7 13. Qc2 Nd4 14. Nxd4 exd4 15. Ne4 Nxe4 16. dxe4 Qh4 17. f4 Bd7 18. Qd3 Bb5 19. Qf3 Bxe2 20. Qxe2 Rad8 21. Qd3 Qe7 22. e5 f6 23. exf6 Qxf6 24. Ra2 Re7 25. Raf2 Rde8 26. Bd2 Rd8 27. Rf3 Kh8 28. Re1 Rxe1+ 29. Bxe1 Bxf4 30. Bf2 Qg5 31. Qe4 Be3 32. Bxe3 dxe3 33. Rxe3 Rd1+ 34. Re1 Qd2 35. Kf1 Rxe1+ 36. Qxe1 Qd3+ 37. Kf2 Qd4+ 38. Qe3 Qb2+ 39. Kg3 Qc2 40. Qe8+ Kh7 41. Qe3 Qg6+ 42. Kf3 Qf6+ 43. Ke2 Qb2+ 44. Kf3 Qf6+ 45. Ke2 Qb2+ 46. Qd2 Qe5+ 47. Qe3 Qb2+ 1/2-1/2

[Event "As Autumn"]
[Site "As"]
[Date "2019.11.07"]
[Round "8"]
[White "Berg Olsen, Henrik Seljeset"]
[Black "Simonsen, Steinar"]
[Result "1-0"]
[WhiteElo "1583"]
[BlackElo "1500"]
[PlyCount "77"]
[EventDate "2019.08.29"]
[EventType "swiss"]
[EventRounds "9"]
[EventCountry "NOR"]
[SourceTitle "EXT 2024"]
[Source "ChessBase"]
[SourceDate "2023.10.10"]
[SourceVersion "1"]
[SourceVersionDate "2023.10.10"]
[SourceQuality "1"]

1. c4 Nf6 2. Nc3 e6 3. e3 Bb4 4. a3 Bxc3 5. bxc3 0-0 6. g3 Nc6 7. Nf3 b6 8. Bg2 Ba6 9. d3 d5 10. cxd5 Nxd5 11. c4 Nde7 12. 0-0 Qd7 13. Qa4 Bb7 14. Ne5 Nxe5 15. Qxd7 Nxd7 16. Bxb7 Rad8 17. Bg2 Nc5 18. d4 Nb3 19. Rb1 Nxc1 20. Rfxc1 c5 21. dxc5 bxc5 22. Rb7 Nc8 23. Rc7 Rd3 24. a4 Ra3 25. Bc6 Rd8 26. Bb5 g6 27. Rxc5 Nb6 28. Rc7 Rd2 29. c5 Nd5 30. Rd7 Raa2 31. Rf1 Rdb2 32. c6 Nxe3 33. c7 Nxf1 34. c8Q+ Kg7 35. Qc3+ Kh6 36. Bxf1 Rxf2 37. Qe3+ Kg7 38. Qxf2 Rxf2 39. Kxf2 1-0

[Event "As Autumn"]
[Site "As"]
[Date "2019.10.17"]
[Round "6"]
[White "Simonsen, Steinar"]
[Black "Aamodt, Peder Marcus"]
[Result "0-1"]
[WhiteElo "1500"]
[BlackElo "1481"]
[PlyCount "72"]
[EventDate "2019.08.29"]
[EventType "swiss"]
[EventRounds "9"]
[EventCountry "NOR"]
[SourceTitle "EXT 2024"]
[Source "ChessBase"]
[SourceDate "2023.10.10"]
[SourceVersion "1"]
[SourceVersionDate "2023.10.10"]
[SourceQuality "1"]

1. e4 c5 2. Nf3 d6 3. Bb5+ Bd7 4. Bxd7+ Qxd7 5. 0-0 Nf6 6. e5 Nd5 7. Nc3 Nb6 8. exd6 exd6 9. Re1+ Be7 10. Qe2 Nc6 11. d3 0-0 12. Bg5 Bxg5 13. Nxg5 Nd4 14. Qd2 Qg4 15. h3 Qf5 16. Nce4 h6 17. g4 Qg6 18. c3 Nc6 19. Nf3 c4 20. Nh4 Qh7 21. d4 Rad8 22. Nf5 Qg6 23. d5 Rfe8 24. dxc6 Re5 25. cxb7 Rxf5 26. Nxd6 Rd5 27. Re8+ Rxe8 28. Nxe8 Rxd2 29. b8Q Kh7 30. Qxa7 Rxb2 31. a4 h5 32. a5 hxg4 33. axb6 gxh3+ 34. Kf1 Qg2+ 35. Ke1 Qxf2+ 36. Kd1 Qd2# 0-1

[Event "As Autum"]
[Site "As"]
[Date "2018.11.08"]
[Round "8"]
[White "Simonsen, Steinar"]
[Black "Lea, Per"]
[Result "0-1"]
[WhiteElo "1547"]
[BlackElo "1729"]
[PlyCount "102"]
[EventDate "2018.08.30"]
[EventType "swiss"]
[EventRounds "9"]
[EventCountry "NOR"]
[SourceTitle "EXT 2024"]
[Source "ChessBase"]
[SourceDate "2023.10.10"]
[SourceVersion "1"]
[SourceVersionDate "2023.10.10"]
[SourceQuality "1"]

1. e4 e5 2. Nc3 Nf6 3. Nf3 Nc6 4. Bb5 a6 5. Bxc6 bxc6 6. 0-0 d6 7. d4 exd4 8. Nxd4 Bb7 9. Re1 Be7 10. Bg5 h6 11. Bxf6 Bxf6 12. Qd3 Qd7 13. f4 0-0-0 14. Rad1 c5 15. Nb3 g5 16. Nd5 Bg7 17. Na5 Rhe8 18. Nxb7 Kxb7 19. f5 Be5 20. b4 c6 21. Ne3 cxb4 22. Nc4 c5 23. Qd5+ Kc7 24. Nxe5 Rxe5 25. Qc4 Kb6 26. Rd5 Rxd5 27. Qxd5 Qb7 28. Qc4 d5 29. Qd3 Re8 30. e5 Qd7 31. a3 a5 32. axb4 axb4 33. Ra1 Qb7 34. Re1 Kc6 35. Qh3 Rh8 36. e6 Qe7 37. Qh5 f6 38. Qf7 Kd6 39. Qh5 c4 40. Qg4 Kc6 41. Qd4 Qc5 42. Qxc5+ Kxc5 43. e7 Re8 44. Re6 b3 45. cxb3 cxb3 46. Rxf6 b2 47. Rf8 Rxe7 48. Rb8 Re1+ 49. Kf2 b1Q 50. Rxb1 Rxb1 51. f6 Kd6 0-1

[Event "As Autum"]
[Site "As"]
[Date "2018.09.06"]
[Round "2"]
[White "Simonsen, Steinar"]
[Black "Furnes, Torstein"]
[Result "0-1"]
[WhiteElo "1547"]
[BlackElo "1787"]
[PlyCount "56"]
[EventDate "2018.08.30"]
[EventType "swiss"]
[EventRounds "9"]
[EventCountry "NOR"]
[SourceTitle "EXT 2024"]
[Source "ChessBase"]
[SourceDate "2023.10.10"]
[SourceVersion "1"]
[SourceVersionDate "2023.10.10"]
[SourceQuality "1"]

1. e4 c5 2. Nf3 Nc6 3. Nc3 d6 4. Bb5 Bd7 5. Bxc6 Bxc6 6. 0-0 e5 7. d3 Nf6 8. Bg5 Be7 9. Bxf6 Bxf6 10. Nd5 Bxd5 11. exd5 b5 12. c4 Qd7 13. Re1 0-0 14. Rb1 a5 15. b3 b4 16. Qc1 Qf5 17. Qc2 Ra7 18. Re4 Rfa8 19. Nh4 Bxh4 20. Rxh4 a4 21. Qe2 axb3 22. g4 bxa2 23. Ra1 Qf6 24. Rh3 e4 25. Qxe4 Qxa1+ 26. Kg2 g6 27. Qf4 Qe5 28. Qh6 f6 0-1

[Event "As CC-ch B"]
[Site "As"]
[Date "2018.01.25"]
[Round "3"]
[White "Thowsen, Alf Geir"]
[Black "Simonsen, Steinar"]
[Result "0-1"]
[WhiteElo "1403"]
[BlackElo "1514"]
[PlyCount "88"]
[EventDate "2018.01.11"]
[EventType "swiss"]
[EventRounds "9"]
[EventCountry "NOR"]
[SourceTitle "EXT 2024"]
[Source "ChessBase"]
[SourceDate "2023.10.10"]
[SourceVersion "1"]
[SourceVersionDate "2023.10.10"]
[SourceQuality "1"]

1. e4 e5 2. Nf3 Nc6 3. Bb5 Nge7 4. Nc3 d6 5. d3 h6 6. h3 a6 7. Ba4 Be6 8. Be3 b5 9. Bb3 Bxb3 10. axb3 b4 11. Ne2 Ng6 12. Ra4 Be7 13. Qd2 Nh4 14. Nxh4 Bxh4 15. 0-0 a5 16. Rfa1 Bg5 17. c3 0-0 18. Qc1 Bxe3 19. Qxe3 f5 20. Qd2 Qg5 21. Qxg5 hxg5 22. cxb4 Nxb4 23. Rxa5 Rxa5 24. Rxa5 Nxd3 25. exf5 Rxf5 26. f3 g6 27. Rd5 Nf4 28. Rd2 Nxe2+ 29. Rxe2 Kf8 30. Kf2 Ke8 31. Ke3 Rf4 32. Rc2 Kd7 33. Rc4 d5 34. Ra4 Kd6 35. Ra6+ c6 36. Ra4 Kc5 37. g3 Rb4 38. Ra3 Kb5 39. Kd3 c5 40. Ke3 c4 41. bxc4+ dxc4 42. Ra8 Kc5 43. Rc8+ Kb5 44. Rb8+ Ka4 0-1

[Event "As Autumn"]
[Site "As"]
[Date "2017.10.12"]
[Round "5"]
[White "Simonsen, Steinar"]
[Black "Thowsen, Alf Geir"]
[Result "0-1"]
[WhiteElo "1208"]
[BlackElo "1185"]
[PlyCount "106"]
[EventDate "2017.08.31"]
[EventType "swiss"]
[EventRounds "9"]
[EventCountry "NOR"]
[SourceTitle "EXT 2024"]
[Source "ChessBase"]
[SourceDate "2023.10.10"]
[SourceVersion "1"]
[SourceVersionDate "2023.10.10"]
[SourceQuality "1"]

1. e4 e6 2. d4 d5 3. exd5 exd5 4. Nc3 Nf6 5. Nf3 Nc6 6. Bg5 Be7 7. Bb5 0-0 8. 0-0 a6 9. Bxc6 bxc6 10. Re1 Bb7 11. Qd3 h6 12. Bh4 Re8 13. h3 Qd6 14. Bg3 Qd8 15. Re3 c5 16. Rae1 cxd4 17. Nxd4 c5 18. Nf5 Bf8 19. Rxe8 Nxe8 20. Qe2 Nf6 21. Bh4 g5 22. Bg3 d4 23. Na4 Qd5 24. Qf3 Qxf3 25. gxf3 Bxf3 26. Re5 Re8 27. Rxe8 Nxe8 28. Nb6 Be4 29. Nxd4 cxd4 30. Be5 Bg7 31. Nd7 Bxe5 32. Nxe5 Bxc2 33. Kf1 Bf5 34. h4 gxh4 35. Nf3 d3 36. Nxh4 d2 37. Ke2 Be4 38. Kxd2 Nd6 39. Ke3 Kg7 40. Kd4 Kf6 41. f3 Bb1 42. a3 Nf5+ 43. Nxf5 Kxf5 44. Ke3 h5 45. Kf2 Kf4 46. Kg2 Ba2 47. Kh3 Kxf3 48. Kh4 Ke3 49. Kxh5 Kd3 50. Kg5 Kc2 51. Kf6 Kxb2 52. a4 Ka3 53. Ke5 Kxa4 0-1

[Event "As Autumn"]
[Site "As"]
[Date "2016.09.22"]
[Round "3"]
[White "Bakken, Svein Erik"]
[Black "Simonsen, Steinar"]
[Result "1-0"]
[WhiteElo "1347"]
[BlackElo "1272"]
[PlyCount "68"]
[EventDate "2016.09.01"]
[EventType "swiss"]
[EventRounds "9"]
[EventCountry "NOR"]
[SourceTitle "EXT 2024"]
[Source "ChessBase"]
[SourceDate "2023.10.10"]
[SourceVersion "1"]
[SourceVersionDate "2023.10.10"]
[SourceQuality "1"]

1. d4 f5 2. Bg5 Nc6 3. c4 d5 4. e3 Nf6 5. Bxf6 gxf6 6. Qh5+ Kd7 7. Qxf5+ e6 8. Qc2 Qe7 9. cxd5 exd5 10. Bb5 a6 11. Bxc6+ bxc6 12. Nc3 Bb7 13. Nge2 Bh6 14. Na4 Qb4+ 15. Nec3 Rae8 16. Nc5+ Kc8 17. Qf5+ Kb8 18. 0-0 Ka7 19. Nxb7 Qxb7 20. Rab1 Bg7 21. Na4 Qc8 22. Qxc8 Rxc8 23. Rfc1 Kb7 24. Rc2 Rcd8 25. Rbc1 Rd6 26. b4 f5 27. g3 Rg8 28. Kf1 h5 29. h4 Bf6 30. Nc5+ Ka7 31. Nd3 Re8 32. Rxc6 Rxc6 33. Rxc6 Bd8 34. Rh6 Re6 1-0

[Event "AS CC-ch B"]
[Site "As"]
[Date "2016.03.31"]
[Round "8"]
[White "Thowsen, Alf Geir"]
[Black "Simonsen, Steinar"]
[Result "0-1"]
[WhiteElo "1175"]
[BlackElo "1240"]
[PlyCount "62"]
[EventDate "2016.01.14"]
[EventType "swiss"]
[EventRounds "9"]
[EventCountry "NOR"]
[SourceTitle "EXT 2024"]
[Source "ChessBase"]
[SourceDate "2023.10.10"]
[SourceVersion "1"]
[SourceVersionDate "2023.10.10"]
[SourceQuality "1"]

1. c4 e6 2. Nc3 Nf6 3. d4 b6 4. Nf3 Bb7 5. Bg5 Be7 6. e3 0-0 7. Bd3 d5 8. cxd5 Nxd5 9. Bxe7 Qxe7 10. Nxd5 exd5 11. 0-0 Nd7 12. Rc1 Rac8 13. Qc2 Nf6 14. Bf5 Nd7 15. Bxh7+ Kh8 16. Bf5 g6 17. Bh3 c5 18. Qc3 c4 19. Qd2 Kg7 20. Ne5 Bc6 21. Rc3 f6 22. Nxc6 Rxc6 23. Rfc1 f5 24. g3 Nf6 25. f3 b5 26. b4 Qxb4 27. Qc2 Qe7 28. a3 a5 29. Bf1 b4 30. Qa4 bxc3 31. Qxc6 Qxe3+ 0-1

[Event "As Autumn"]
[Site "As"]
[Date "2015.11.05"]
[Round "8"]
[White "Andersen, Odd"]
[Black "Simonsen, Steinar"]
[Result "1-0"]
[WhiteElo "1633"]
[BlackElo "1227"]
[PlyCount "75"]
[EventDate "2015.09.03"]
[EventType "swiss"]
[EventRounds "9"]
[EventCountry "NOR"]
[SourceTitle "EXT 2024"]
[Source "ChessBase"]
[SourceDate "2023.10.10"]
[SourceVersion "1"]
[SourceVersionDate "2023.10.10"]
[SourceQuality "1"]

1. d4 d5 2. c4 e5 3. dxe5 d4 4. Nf3 Nc6 5. g3 Be6 6. b3 Bb4+ 7. Bd2 Nge7 8. Bxb4 Nxb4 9. a3 Nbc6 10. Bg2 Ng6 11. 0-0 0-0 12. Ra2 Ngxe5 13. Nxe5 Nxe5 14. Bxb7 Rb8 15. Bg2 Qd7 16. Rd2 c5 17. Nc3 Bh3 18. Nd5 Bxg2 19. Kxg2 Qb7 20. e3 Qxb3 21. exd4 Qxd1 22. Rdxd1 Nxc4 23. dxc5 Rb5 24. Ne7+ Kh8 25. c6 Rc5 26. Rd7 Ne5 27. Rxa7 Nxc6 28. Rc7 Ra5 29. Rxc6 Rxa3 30. Rfc1 g6 31. Rc8 Rxc8 32. Rxc8+ Kg7 33. Nd5 h5 34. h4 Rd3 35. Nf4 Ra3 36. Rc7 Kf6 37. Nh3 Ra2 38. Ng5 1-0

[Event "As Autumn"]
[Site "As"]
[Date "2015.10.15"]
[Round "6"]
[White "Simonsen, Steinar"]
[Black "Thowsen, Alf Geir"]
[Result "1-0"]
[WhiteElo "1227"]
[BlackElo "1205"]
[PlyCount "69"]
[EventDate "2015.09.03"]
[EventType "swiss"]
[EventRounds "9"]
[EventCountry "NOR"]
[SourceTitle "EXT 2024"]
[Source "ChessBase"]
[SourceDate "2023.10.10"]
[SourceVersion "1"]
[SourceVersionDate "2023.10.10"]
[SourceQuality "1"]

1. c4 e5 2. Nc3 Nf6 3. Nf3 d6 4. g3 g6 5. Bg2 Bg7 6. 0-0 0-0 7. e3 Nc6 8. d4 exd4 9. exd4 Re8 10. Be3 Bg4 11. h3 Bd7 12. a3 a5 13. Rb1 a4 14. Qd2 Ne7 15. Bh6 Nf5 16. Bg5 h6 17. Bxf6 Qxf6 18. Rbd1 c6 19. Qc2 b5 20. cxb5 cxb5 21. Nd5 Qd8 22. g4 Rc8 23. Qd2 Ne7 24. Nb4 Qb6 25. Rfe1 Nc6 26. Rxe8+ Rxe8 27. Nd5 Qd8 28. Qf4 Be6 29. Ne3 Bb3 30. Rd3 g5 31. Qf5 Be6 32. Qxb5 Qa8 33. d5 Na7 34. Qxa4 Bc8 35. Qxe8+ 1-0

[Event "As Autumn"]
[Site "As"]
[Date "2015.09.03"]
[Round "1"]
[White "Simonsen, Steinar"]
[Black "Sandvik, Sander"]
[Result "0-1"]
[WhiteElo "1227"]
[BlackElo "917"]
[PlyCount "84"]
[EventDate "2015.09.03"]
[EventType "swiss"]
[EventRounds "9"]
[EventCountry "NOR"]
[SourceTitle "EXT 2024"]
[Source "ChessBase"]
[SourceDate "2023.10.10"]
[SourceVersion "1"]
[SourceVersionDate "2023.10.10"]
[SourceQuality "1"]

1. c4 c5 2. Nc3 Nc6 3. Nf3 Nf6 4. g3 g6 5. Bg2 Bg7 6. d4 d5 7. dxc5 d4 8. Nb5 e5 9. Nd6+ Ke7 10. Ng5 Qa5+ 11. Bd2 Qxc5 12. Ngxf7 Rf8 13. Nxc8+ Raxc8 14. Ng5 h6 15. Ne4 Nxe4 16. Bxe4 d3 17. e3 Qxc4 18. Bxg6 e4 19. 0-0 Ne5 20. Bh5 Qc2 21. Bb4+ Ke6 22. Bxf8 Rxf8 23. Qxc2 dxc2 24. Rac1 Rc8 25. f4 exf3 26. Bxf3 Nxf3+ 27. Rxf3 Bxb2 28. Rff1 Bxc1 29. Rxc1 Ke5 30. Kf1 Ke4 31. Ke2 h5 32. Kd2 Kf3 33. Rxc2 Rxc2+ 34. Kxc2 Kxe3 35. Kc3 Kf2 36. Kd3 Kg2 37. Ke3 Kxh2 38. Kf3 b5 39. a3 a5 40. g4 hxg4+ 41. Kxg4 b4 42. axb4 axb4 0-1

[Event "Follo CC-ch"]
[Site "Follo"]
[Date "2015.02.01"]
[Round "2"]
[White "Svebestad, Erlend"]
[Black "Simonsen, Steinar"]
[Result "0-1"]
[WhiteElo "1360"]
[BlackElo "1300"]
[PlyCount "102"]
[EventDate "2015.01.15"]
[EventType "swiss"]
[EventRounds "9"]
[EventCountry "NOR"]
[SourceTitle "EXT 2017"]
[Source "ChessBase"]
[SourceDate "2016.10.25"]
[SourceVersion "1"]
[SourceVersionDate "2016.10.25"]
[SourceQuality "1"]

1. d4 d5 2. c4 e6 3. Nc3 Nf6 4. cxd5 exd5 5. Nf3 Bd6 6. Bg5 c6 7. e3 0-0 8. Bd3 Nbd7 9. 0-0 Qc7 10. h3 h6 11. Bxf6 Nxf6 12. Qc2 Re8 13. Rfe1 b5 14. a3 a5 15. Rec1 Qe7 16. Nd2 Bd7 17. e4 Bf4 18. e5 Bxd2 19. exf6 Qxf6 20. Qxd2 Qh4 21. Re1 b4 22. Rxe8+ Rxe8 23. axb4 axb4 24. Ne2 g6 25. Ng3 Qxd4 26. Ra4 c5 27. Ra5 c4 28. Qxb4 Qxd3 29. Qd6 Be6 30. Kh2 Qd2 31. Ne4 Qd4 32. Qc6 Rc8 33. Ra8 Rxa8 34. Qxa8+ Kg7 35. Nc3 Qf4+ 36. Kg1 Qc1+ 37. Kh2 Qd2 38. f3 d4 39. Ne4 Qf4+ 40. Ng3 d3 41. Qe4 Qd6 42. Qe1 Qd4 43. Qd2 Qe5 44. f4 Qd4 45. Kh1 Qd5 46. Qc3+ Kh7 47. Nf1 Bxh3 48. Ne3 Qe4 49. Qf6 Be6 50. f5 gxf5 51. Nxf5 Qxf5 0-1

[Event "As CC-ch B"]
[Site "As"]
[Date "2014.04.10"]
[Round "9"]
[White "Simonsen, Steinar"]
[Black "Ruud, Kjetil"]
[Result "0-1"]
[WhiteElo "1322"]
[BlackElo "1229"]
[PlyCount "92"]
[EventDate "2014.01.16"]
[EventType "swiss"]
[EventRounds "9"]
[EventCountry "NOR"]
[SourceTitle "EXT 2024"]
[Source "ChessBase"]
[SourceDate "2023.10.10"]
[SourceVersion "1"]
[SourceVersionDate "2023.10.10"]
[SourceQuality "1"]

1. c4 b6 2. Nc3 Bb7 3. Nf3 e6 4. g3 Nf6 5. Bg2 Bb4 6. Qb3 Bd6 7. 0-0 h5 8. d4 Nc6 9. e4 Na5 10. Qc2 Bb4 11. e5 Nh7 12. a3 Be7 13. Ne2 d5 14. c5 h4 15. Bd2 hxg3 16. fxg3 Nc4 17. b4 b5 18. a4 c6 19. axb5 cxb5 20. Rfc1 Ng5 21. Rf1 Ne4 22. Nc3 Nexd2 23. Nxd2 Ne3 24. Qd3 Nxf1 25. Qxb5+ Qd7 26. Qxf1 Bg5 27. Nb3 a6 28. Na4 Qb5 29. Qe1 Qd3 30. Na5 Qxd4+ 31. Kh1 Rb8 32. c6 Ba8 33. c7 Rc8 34. Rd1 Qe3 35. Qxe3 Bxe3 36. Rd3 Ba7 37. Rc3 Kd7 38. Nc5+ Bxc5 39. Rxc5 Rxc7 40. Bf1 Rxc5 41. bxc5 Rc8 42. Nb3 Rb8 43. c6+ Bxc6 44. Nc5+ Ke7 45. Nxa6 Rb1 46. Kg1 Bb5 0-1